LIBRARY & INFORMATION CENTRE, KCAET, TAVANUR

ONLINE PUBLIC ACCESS CATALOGUE (OPAC)

Instrumental methods of analysis / (Record no. 9287)

MARC details
000 -LEADER
fixed length control field 00450cam a2200169ua 4500
041 ## - LANGUAGE CODE
Language code of text/sound track or separate title eng
082 ## - DEWEY DECIMAL CLASSIFICATION NUMBER
Classification number 543.07
Item number WIL/IN
100 ## - MAIN ENTRY--AUTHOR NAME
Personal name Williard, Hobart H .
245 ## - TITLE STATEMENT
Title Instrumental methods of analysis /
250 ## - EDITION STATEMENT
Edition statement 4 /
260 ## - PUBLICATION, DISTRIBUTION, ETC. (IMPRINT)
Place of publication New York :
Name of publisher Van Nostrand Reinhold Company ,
Year of publication 1965.
300 ## - PHYSICAL DESCRIPTION
Number of Pages 784 ; .
700 1# - ADDED ENTRY--PERSONAL NAME
Personal name Lymne , Merrit L .
942 ## - ADDED ENTRY ELEMENTS (KOHA)
Koha item type Books
Holdings
Withdrawn status Lost status Damaged status Home library Current library Date acquired Full call number Accession Number Koha item type
      KAUAET KAUAET 07/04/2012 543.07 WIL/IN 12391 Books
free website counter